|
|
|
|
| LEADER |
00000nam a2200000 a 4500 |
| 001 |
vtls001156594 |
| 003 |
SK-MaSNL |
| 005 |
20260301230834.0 |
| 008 |
240314s1991 Dx 0 ger |
| 020 |
|
|
|a 3881994211
|
| 035 |
|
|
|a SNK000099491
|
| 040 |
|
|
|a SNK
|b slo
|c SNK
|e AACR2
|
| 044 |
|
|
|a [D]
|
| 100 |
1 |
|
|a Neuberger, Helmut
|4 aut
|9 622184
|
| 245 |
1 |
0 |
|a Unbekannte Schätze der modernen Malerei
|b Eine Auswahl aus der Monatszeitschrift "Die Kunst"
|c Helmut Neuberger
|
| 260 |
|
|
|a München
|b dKarl Thiemig
|c [1991]
|
| 919 |
|
|
|a 3-88199-421-1
|
| 999 |
|
|
|c 956213
|d 958143
|
| 952 |
|
|
|a SNK
|b SNK
|y VYP
|7 0
|p 17A0075361
|o snkIB 66485
|i snkZK 3277/2001
|0 0
|1 0
|4 0
|d 1997-08-11
|l 0
|r 2005-01-01 00:00:00
|w 2026-02-24
|